Ecology and resource development in Southeast Asia (Record no. 476699)

000 -LEADER
fixed length control field 00439cam a22001337a 4500
008 - FIXED-LENGTH DATA ELEMENTS--GENERAL INFORMATION
fixed length control field 180718b1973 xxu||||| |||| 00| 0 eng d
082 ## - DEWEY DECIMAL CLASSIFICATION NUMBER
Classification number Yx59 C769
100 ## - MAIN ENTRY--PERSONAL NAME
Personal name Conway, Gordon
245 ## - TITLE STATEMENT
Title Ecology and resource development in Southeast Asia
Statement of responsibility, etc. by Gordon Conway and Jeff Romm,
260 ## - PUBLICATION, DISTRIBUTION, ETC.
Place of publication, distribution, etc. Bangkok
Name of publisher, distributor, etc. Ford Foundation, Office for Southeast Asia
Date of publication, distribution, etc. 1973
300 ## - PHYSICAL DESCRIPTION
Extent 82p.
650 ## - SUBJECT ADDED ENTRY--TOPICAL TERM
Topical term or geographic name entry element Natural Resources - Southeast Asia
700 ## - ADDED ENTRY--PERSONAL NAME
Personal name Romm, Jeff
Holdings
Withdrawn status Lost status Damaged status Not for loan Permanent Location Current Location Date acquired Full call number Barcode Date last seen Price effective from Koha item type
        Indian Institute of Public Administration Indian Institute of Public Administration 2018-08-04 Yx59 C769 GR9341 2018-08-04 2018-08-04 GR

Powered by Koha